Oxford picture power dictionary : 1500 words through stories and pictures /
Guardado en:
| Otros Autores: | |
|---|---|
| Formato: | Libro |
| Publicado: |
Estados Unidos de América :
Oxford University Press,
1996
|
| Materias: | |
| Etiquetas: |
Agregar Etiqueta
Sin Etiquetas, Sea el primero en etiquetar este registro!
|
| LEADER | 00614nam a22001815a 4500 | ||
|---|---|---|---|
| 001 | CEM.cems010564 | ||
| 005 | 20080508134107.0 | ||
| 008 | 130507s1996##################000#0#####d | ||
| 003 | CEMS | ||
| 020 | |a 0194314200 | ||
| 082 | 0 | 4 | |a 423 |
| 245 | 0 | 0 | |a Oxford picture power dictionary : |b 1500 words through stories and pictures / |c Stella Maidment ; Ilustrado Por Belinda Evans |
| 260 | |a Estados Unidos de América : |b Oxford University Press, |c 1996 | ||
| 300 | |a 77 p. | ||
| 653 | |a Diccionarios | ||
| 653 | |a Inglés-diccionario | ||
| 700 | 1 | |a Evans, Belinda, il. | |
| 859 | |a CEMS |b BIB. CEMS - 11 de abril |h 423 |i Ox2-3 |p 20289.99 |t Ej.1 | ||
